[Event "Heart of Finland op 32nd"]
[Site "Jyvaskyla"]
[Date "2024.07.19"]
[Round "7"]
[White "Odner, Aarni"]
[Black "Wartiovaara, Oliver"]
[Result "0-1"]
[WhiteElo "1636"]
[BlackElo "2325"]
[PlyCount "54"]
[EventDate "2024.07.15"]
[EventType "swiss"]
[EventRounds "9"]
[EventCountry "FIN"]
[SourceTitle "CBM 221 Extra"]
[Source "ChessBase"]
[SourceDate "2024.09.30"]
[SourceVersion "1"]
[SourceVersionDate "2024.09.30"]
[SourceQuality "1"]

1. d4 Nf6 2. c4 c5 3. d5 e6 4. Nc3 exd5 5. cxd5 d6 6. Nf3 g6 7. h3 Bg7 8. Bf4 0-0 9. e3 Na6 10. Bxa6 bxa6 11. Rc1 Rb8 12. b3 a5 13. 0-0 Nh5 14. Bh2 f5 15. Re1 Rb4 16. Qd3 g5 17. Nd2 g4 18. Nc4 gxh3 19. Bxd6 Rxc4 20. Bxf8 Qg5 21. g3 Rxc3 22. Be7 Qg4 23. Qb5 Kf7 24. Bd6 c4 25. Kh2 Qf3 26. Kxh3 f4+ 27. Kh2 Qxf2+ 0-1